000 00536nam a22001937a 4500
003 KOHA_MİRAKIL
005 20251125111946.0
008 251125b tu ||||| |||| 00| 0 tur d
020 _a9789752203631
040 _aTR-AnABB
_btur
_cTR-AnABB
041 _atur
082 _a813.42
_bOZA 2010
100 1 _aÖzakman, Turgut,
245 1 0 _aCumhuriyet Türk mucizesi /
_cTurgut Özakman
260 _aAnkara :
_bBilgi Yayınevi,
_c2010
300 _a845 sayfa ;
_c20 cm
650 0 4 _aTürk edebiyatı, roman
942 _2ddc
_cBK
999 _c9621
_d9621
900 _bGizem YORULMAZ